|
|
|
|
| LEADER |
00890cam a2200241 7i4500 |
| 001 |
0000036824 |
| 005 |
20220127090000.0 |
| 007 |
ta |
| 008 |
220110 |
| 040 |
|
|
|a MATR
|
| 090 |
0 |
0 |
|a MAT 354.7409595
|b MAL
|
| 110 |
2 |
|
|a Malaysia External Trade Development Corporation (MATRADE)
|
| 245 |
1 |
0 |
|a LAPORAN TAHUNAN 2020 :
|b MEMACU EKSPORT DALAM NORMA BAHARU.
|
| 264 |
|
1 |
|a Kuala Lumpur:
|b Malaysia External Trade Development Corporation (MATRADE),
|c 2021.
|
| 300 |
|
|
|a 183 pages:
|b color illustrations;
|c 30 cm.
|
| 336 |
|
|
|a text
|2 rdacontent
|
| 337 |
|
|
|a unmediated
|2 rdamedia
|
| 338 |
|
|
|a volume
|2 rdacarrier
|
| 650 |
|
0 |
|a Administrative report --
|z Malaysia
|
| 650 |
|
0 |
|a Commerce --
|z Malaysia
|
| 650 |
|
0 |
|a Foreign trade --
|z Malaysia
|
| 999 |
|
|
|a 0000041645
|b Book
|c MATRADEs Collection
|e Business Information Centre
|
| 999 |
|
|
|a 0000041644
|b Book
|c MATRADEs Collection
|e Business Information Centre
|